Find the Name Misfits Quiz Stats

 Plays Quiz Updated Jun 27, 2020

Support Sporcle.
Go Orange.
Score 0/16 Timer 04:00
1 Play Today
Question Answer Wrong Answers
Which one does NOT contain the word:
Ice
Snow White
94.3%
Ice T
0.5%
Vanilla Ice
0.5%
Ice Age
0.3%
Which one does NOT contain the word:
Mars
Pluto
92.4%
Bruno Mars
0.4%
30 Seconds to Mars
2.1%
Mars Attacks
0.8%
Which one does NOT contain the word:
Family
Friends
91.9%
Family Feud
1%
Family Guy
0.6%
Swiss Family Robinson
2%
Which one does NOT contain the word:
Show
The LEGO Movie
88.8%
That '70s Show
1.9%
The Truman Show
2.4%
The Rocky Horror Picture Show
2.6%
Which one does NOT contain the word:
Mystery
The Big Bang Theory
87.7%
Mystery Sciene Theater 3000
1.9%
Mystery Machine
3%
Mystery Men
3.1%
Which one does NOT contain the word:
Brother
Sister, Sister
87.4%
O Brother, Where Art Thou?
1.6%
Big Brother
5.4%
Brother Bear
1.2%
Which one does NOT contain the word:
Evil
The Good, The Bad & the Ugly
78.9%
Dr. Evil
5.4%
The Evil Dead
5.2%
Resident Evil
6.1%
Which one does NOT contain the word:
Baby
Babe Ruth
78.2%
Three Men and a Baby
7.8%
The Boss Baby
2.6%
Baby Spice
7.2%
Which one does NOT contain the word:
Angry
Grumpy
75.3%
12 Angry Men
6.1%
Angry Birds
0.8%
The Angry Beavers
13.7%
Which one does NOT contain the word:
Dragon
Star Fox
75.2%
Dragon Ball Z
3.3%
Double Dragon
13.4%
Dragon Tales
3.5%
Which one does NOT contain the word:
Star
The White Stripes
73.6%
Patrick Star
15.5%
Star Trek
2.7%
A Star is Born
4%
Which one does NOT contain the word:
Manhattan
Brooklyn Nine-Nine
71.3%
Manhattan
3.8%
Maid in Manhattan
2.9%
Dr. Manhattan
17.4%
Which one does NOT contain the word:
Scarlet
Crimson Chin
62.8%
Scarlet Witch
11.3%
Scarlet Pimpernel
15.5%
Scarlet Letter
6.1%
Which one does NOT contain the word:
Blood
Tears for Fears
59%
There Will Be Blood
13.7%
True Blood
9.4%
First Blood
13.7%
Which one does NOT contain the word:
Bell
The Fresh Prince of Bel-Air
56%
Bell Biv Devoe
30.1%
Saved by the Bell
4.5%
Kristen Bell
5.3%
Which one does NOT contain the word:
Four
Nine Inch Nails
46.3%
Connect Four
2.2%
Fantastic Four
2%
Four Non Blondes
45%

You're not logged in!

Compare scores with friends on all Sporcle quizzes.
OR
Log In
Forgot?
Remove Ads.
Support Sporcle.
Get the best of Sporcle when you Go Orange. This ad-free experience offers more features, more stats, and more fun while also helping to support Sporcle. Thank you for becoming a member.

Show Comments

Extras

Top Quizzes Today


Score Distribution

Your Account Isn't Verified!

In order to create a playlist on Sporcle, you need to verify the email address you used during registration. Go to your Sporcle Settings to finish the process.

Report this User

Report this user for behavior that violates our Community Guidelines.

Details: